Soils and Fertilizers (Record no. 11870)

MARC details
000 -LEADER
fixed length control field 00338nam a2200133Ia 4500
022 ## - INTERNATIONAL STANDARD SERIAL NUMBER
ISSN 0038-0792
245 #0 - TITLE STATEMENT
Title Soils and Fertilizers
260 ## - PUBLICATION, DISTRIBUTION, ETC. (IMPRINT)
Name of publisher CAB, England
Place of publication UK
310 ## - CURRENT PUBLICATION FREQUENCY
Current publication frequency M
500 ## - GENERAL NOTE
General note Ending Volume & Year: 53, 1990
500 ## - GENERAL NOTE
General note Starting Volume & Year: 28, 1965
942 ## - ADDED ENTRY ELEMENTS (KOHA)
Koha item type Bound Journal
Holdings
Withdrawn status Lost status Damaged status Not for loan Home library Current library Date acquired Accession Number Koha item type
      Bound journals RRII Library RRII Library 31/12/2021 11750J Bound Journal